000
00227 a2200097 4500
001
55273
100
_a
245
_a
Islam in the european union
260
_a
New york
_b
Oxford University
_c
2007
090
_c
34241
_d
34241
942
_a
NUST-CAE
_c
MONOGRAPH
_c
26938
999
_c
290346
_d
290346